000 00552nam a2200169 i 4500
001 142429
003 ES-MaACL
005 20230906200523.0
007 t|
008 071005s1954 sp ||||1| spa d
100 1 _aVillaespesa, Francisco.
_9114917
245 1 0 _aPoesías completas /
_cFrancisco Villaespesa ; ordenación, prólogo y notas por Federico de Mendizabal.
260 _aMadrid :
_bAguilar,
_c1954.
300 _a2 v. :
_b2 retr. autor ;
_c14 cm.
700 1 _aMendizábal, Federico de.
_980208
852 _aES-MaACL
_jC-10143-4
_bR.36803
999 _c142429
_d142429